00977nam a2200217 450000500170000000800420001702000300005902000250008905000260011410000180014024501070015825000110026526001220027630000230039849000750042160000540049665000720055065000740062265000060069665100570070220240320124508.0151210b mx ||||| |||| 00| 0 spa d a9703235816 (colección)  a9786072003347 (obra)04aPQ7472 .P7 bO45 20081 aOliva, Mario,10aLos intelectuales y las letras Centroamericanas sobre la Guerra Civil Españolac/ Mario Oliva Medina a1a ed. aMéxico :bUniversidad Autónoma de México, Centro de Investigaciones sobre América Latina y el Caribe, c2008. a268 p. ; c21 cm.  aColección Literatura y ensayo en América Latina y el Caribe ; v61 aGarcia Lorca, Federico, d[1898-1936]xInfluencia 72LEMBaPoesía xHistoria y crítica ySiglo XXzAmérica Central 72LEMBaEnsayistas xHistoria y críticaySiglo XXzAmérica Central  a  72LEMBaEspaña xHistoria yGuerra civil, 1936-1939